LEADER 00811nam0 22002653i 450 001 996284046903316 005 20190206131840.0 010 $a978-1-491-95766-0 100 $a20171220d2018----||||0itac50 ba 101 $aeng 102 $aCN 200 1 $aPython for data analysis$edata wrangling with pandas, numpy, and ipython$fWes McKinney 205 $a2. ed 210 $aBeijing [etc.]$cO'Reilly Media$d2018 215 $aXVI, 524 p.$d25 cm 606 0 $aAnalisi dei dati$xImpiego [di] Python $2BNCF 676 $a005.133 700 1$aMCKINNEY,$bWes$0761992 801 0$aIT$bsalbc$gISBD 912 $a996284046903316 951 $a005.133 MCK 1$b22979 E.C.$c005.133 MCK$d439340 959 $aBK 969 $aECO 996 $aPython for data analysis$91543395 997 $aUNISA LEADER 00935cam2 22002771 450 001 SOBE00058134 005 20180403074021.0 100 $a20180130i1974 |||||ita|0103 ba 101 $aita 102 $aIT 200 0 $a2$fAbram Kardiner, Edward Preble 205 $a2. ed. 210 $aMilano$cBompiani$dstampa 1974 215 $a141 p.$d18 cm 461 1$1001E600200002036$12001 $a<>studio dell'uomo : i maestri dell'antropologia culturale / Abram Kardiner, Edward Preble 700 1$aKardiner$b, Abram$3A600200026041$4070$0123021 701 1$aPreble, Edward$3A600200026042$4070$0128345 801 0$aIT$bUNISOB$c20180403$gRICA 850 $aUNISOB 852 $aUNISOB$j850$m73944 912 $aSOBE00058134 940 $aM 102 Monografia moderna SBN 941 $aW 957 $a850$b002545$i-2$gSI$d73944$1rovito$2UNISOB$3UNISOB$420180130104130.0$520180403074021.0$6catenacci 996 $a2$91728922 997 $aUNISOB